000 00269nam a22001217a 4500
008 170714b xxu||||| |||| 00| 0 eng d
041 _aeng
080 _a101
100 _a24
101 _aFJA
245 _aSTUDIES IN RELIGIOUS PHILOSOPHY
_cHALL,R.W
942 _2udc
_cBK
999 _c20720
_d20720